[Versek]

Bibliographic Details
Main Author: Török, Elemér, 1930-2006 (Author)
Format: Article
Language:Hungarian
Subjects:

MARC

LEADER 00000nab a2200000 a 4500
001 vtls000880845
003 SK-MaSNL
005 20260303222105.0
008 160314c2004 xo 0 hun
015 |a SNBRB2004/08-24652 
035 |a CLN000232372 
040 |a SNKBUCL  |b slo  |c SNKBUCL  |e AACR2 
041 0 |a hun 
044 |a xo  |c SK 
080 |a 821.511.141 (437.6)-1=511.141  |2 UDC-MRF-SK2 
100 1 |a Török, Elemér,  |d 1930-2006  |4 aut  |9 89372 
245 1 0 |a [Versek]  |c Török Elemér 
505 1 |a A XXI. század hajnalán- -- Új Európám -- Mámor -- Miért?- -- Égi vándor napja -- Hozzatok égnyi fényt- -- Ti csak fussatok, évek és napok -- (a 75 éves Zemán Lászlónak, hajdani tanáromnak) 
600 1 7 |a Zeman, László,  |d 1928-2019  |2 snkbucl  |9 231844 
655 7 |a maďarská poézia  |2 snkbucl  |9 70602 
655 7 |a dedikačná poézia  |2 snkbucl  |9 240053 
773 0 |t Irodalmi szemle  |g Roč. 47, č. 7 (2004), s. 17-21 
850 |a Slovenská národná knižnica v Martine 
852 |a SNK  |b KIS3GCP 
958 |a HU 
958 |a SK 
958 |a LX 
958 |a RBX 
999 |c 2238166  |d 2240096